000 00403 a2200157 4500
001 47238
020 _a8526248979 (broch.)
040 _cAnchieta - Aquarius
100 _aCapdevila i Valls, Roser
240 1 0 _a#As trigêmeas e A roupa nova do rei
_lpor
245 1 0 _a#As trigêmeas e A roupa nova do rei
300 _a31 p.
362 0 _a2006
650 4 _aLiteratura infanto-juvenil
942 _cBK
999 _c47238
_d47238